| 000 | 00815nam a2200181 a 4500 | ||
|---|---|---|---|
| 005 | 20240704063715.0 | ||
| 008 | 991125s1971 mx 000 0 spa u | ||
| 035 | _aUPN01000006259 | ||
| 049 | _aSEP | ||
| 050 | 4 |
_aL227 _bB2 1971 |
|
| 245 | 0 | 0 |
_aCalendario escolar 1971-1972 a que se sujetarán las escuelas oficiales y particulares incorporadas, establecidas en los Estados Unidos Mexicanos / _cDirección General de Planeación Educativa, Departamento de Estadística Escolar. |
| 260 |
_aMéxico : _bSEP, Dirección General de Planeación, Departamento de Estadística Escolar, _c1971. |
||
| 300 | _a29 p. | ||
| 500 | _aDatos tomados de la cubierta | ||
| 650 | 4 |
_aCalendario escolar _94669 |
|
| 710 | 2 |
_aMéxico. _bDirección General de Planeación Educativa. _bDepartamento de Estadística Escolar |
|
| 905 | _aLibro | ||
| 999 |
_c6259 _d6259 |
||